[Event "10th LCC FIDE Open 2018"]
[Site "London"]
[Date "2018.12.12"]
[Round "4"]
[White "Akash Pc, Iyer"]
[Black "Taylor, Adam C"]
[Result "1-0"]
[WhiteElo "2441"]
[BlackElo "2331"]
[Annotator "TA"]
[PlyCount "77"]
[EventDate "2018.12.09"]
[EventType "swiss"]
[EventCountry "ENG"]
[SourceTitle "playchess.com"]
[Source "ChessBase"]
[SourceQuality "1"]

{[%evp 18,77,7,0,0,-21,-6,-3,-14,-22,-6,-63,-62,-60,-66,-63,-58,-69,-67,-92,-64,-69,-70,-82,-18,-27,-24,-17,-16,-18,-22,-35,-20,-18,102,0,0,0,0,0,0,-39,-29,-45,68,0,2,0,0,0,762,744,2153,1951,1697,1643,29992,29993,29993,29994,29994,29994]} 1. d4 Nf6 2. c4 e6 3. Nc3 Bb4 4. e3 O-O 5. Bd3 d5 6. Nge2 c5 7. O-O cxd4 8. exd4 dxc4 9. Bxc4 Nbd7 10. Qd3 {LiveBook: 8 Games. E48: Nimzo-Indian: Rubinstein: 5 Bd3 d5 including 6 Ne2, but excluding 6 a3} (10. a3 Be7 11. Bg5 Nb6 12. Ba2 Bd7 13. Qd3 Bc6 14. Rad1 Na4 15. Rd2 Nxc3 16. Nxc3 Qc7 17. d5 Nxd5 18. Nxd5 exd5 19. Bxe7 Qxe7 20. Bxd5 {½-½ (62) Ding,L (2791)-Aronian,L (2764) Stavanger 2018}) 10... a6 11. a4 Bd6 $146 ({Predecessor:} 11... b6 12. Bg5 Bb7 13. Rac1 Be7 14. Rfd1 Re8 15. h3 h6 16. Be3 Bb4 17. Nf4 Bxc3 18. Qxc3 {1-0 (40) Petrosian,T (2610)-Bronstein,D (2555) Tallinn (Estland) 1979}) 12. Ng3 {The position is equal.} Qc7 13. Be3 Rd8 {Threatens to win with ...Bxg3.} 14. Rac1 (14. Ba2 $11) 14... Bxg3 $1 $15 15. hxg3 Ne5 $1 {[%cal Re5d3][%mdl 64] [#] Double Attack, Pin} 16. Qe2 Nxc4 17. Nb1 b5 {[%cal Bb7b5,Bb5c4][%mdl 32]} 18. b3 Qd7 19. bxc4 bxc4 20. Nd2 Qxa4 ({Better is} 20... c3 $17 21. Rxc3 Nd5) 21. Bg5 $1 $11 {[%cal Rg5f6]} Bb7 {White must now prevent ...c3.} ({But not} 21... Rxd4 $6 22. Bxf6 gxf6 23. Qf3 $16) 22. Bxf6 $1 gxf6 23. Qg4+ Kf8 {Hoping for ...Rac8.} 24. Nxc4 Qc6 {[%csl Gb7][%cal Rc6g2]} 25. Ne3 Qd6 (25... Qe4 $11 {remains equal.}) 26. d5 (26. Rfd1 $16) 26... Bxd5 27. Qh4 Qe5 $1 28. Qh6+ Ke7 $1 29. Rfe1 Rac8 $1 30. Ra1 Qe4 (30... Be4 $15) 31. Rxa6 (31. g4 $1 $14 Qg6 32. Nf5+ Ke8 33. Qf4) 31... Ra8 $132 {[%mdl 2048] Black is not keeping still} 32. Rxa8 Bxa8 33. g4 Qg6 $2 {[%mdl 8192] [#]} (33... Qb4 $11 34. Nf5+ Ke8 35. Ng7+ Ke7 36. Nf5+ Ke8 37. Ng7+ Ke7 38. Nf5+) 34. Nf5+ $1 $18 Kd7 35. Qd2+ Bd5 36. Qb4 {White threatens Qd6+ and mate.} exf5 37. Qe7+ {White mates.} Kc6 38. Rc1+ Kb5 39. Qxd8 {Accuracy: White = 53%, Black = 33%.} 1-0

[Event "10th LCC FIDE Open 2018"]
[Site "London"]
[Date "2018.12.12"]
[Round "4"]
[White "Pert, Richard G"]
[Black "Hillarp Persson, Tiger"]
[Result "1/2-1/2"]
[WhiteElo "2416"]
[BlackElo "2546"]
[Annotator "TA"]
[PlyCount "29"]
[EventDate "2018.12.09"]
[EventType "swiss"]
[EventCountry "ENG"]
[SourceTitle "playchess.com"]
[Source "ChessBase"]
[SourceQuality "1"]

{[%evp 22,29,62,53,116,47,164,151,149,158]} 1. e4 c6 2. d4 d5 3. Nc3 g6 4. Nf3 Bg7 5. Bf4 Bg4 6. exd5 cxd5 7. Nb5 Na6 {B15: Caro-Kann: 3 Nc3: 3...g6 and 3...dxe4 4 Nxe4 Nf6 5 Nxf6+ exf6} 8. c3 Nf6 9. h3 Bxf3 10. Qxf3 O-O 11. Bd3 Qd7 12. O-O {LiveBook: 9 Games} Ne8 $146 (12... Rfc8 $14) ({Predecessor:} 12... Rfc8 13. a4 Nb8 14. Bxb8 Rcxb8 {1-0 (47) Belyakov,B (2388)-Epishin,V (2574) St Petersburg 2012}) 13. Rfe1 (13. Qg3 $16) 13... b6 (13... Nb8 $14) 14. Qg3 $18 Bf6 15. a4 1/2-1/2

[Event "10th LCC FIDE Open 2018"]
[Site "London"]
[Date "2018.12.12"]
[Round "4"]
[White "Wells, Peter K"]
[Black "Englisch, Colya"]
[Result "1/2-1/2"]
[WhiteElo "2412"]
[BlackElo "2105"]
[Annotator "TA"]
[PlyCount "38"]
[EventDate "2018.12.09"]
[EventType "swiss"]
[EventCountry "ENG"]
[SourceTitle "playchess.com"]
[Source "ChessBase"]
[SourceQuality "1"]

{[%evp 18,38,61,53,52,12,14,12,13,8,17,-75,-82,-161,-48,-38,-22,-19,-26,-26,-28,-26,0]} 1. e4 d6 2. d4 Nf6 3. Nc3 g6 {[%cal Bg7g6,Bg6g5][%mdl 32]} 4. Bg5 Bg7 5. Qd2 h6 6. Bf4 g5 7. Bg3 Nh5 8. O-O-O Nd7 {B07: Pirc Defence: Miscellaneous Systems} (8... c6 9. Nge2 b5 10. f4 Qa5 11. a3 Nd7 12. Kb1 Nb6 13. fxg5 Nc4 14. Qd3 hxg5 15. Nc1 Qb6 16. Nb3 {0-1 (38) Amin,B (2689)-Petrosian,T (2601) Riadh 2017}) 9. e5 Nb6 10. Qe3 {LiveBook: 5 Games} Bf5 {White is slightly better.} 11. Be2 Nxg3 12. hxg3 Qd7 13. f4 g4 {[#]} 14. d5 $146 (14. Bd3 $11) ({Predecessor:} 14. Bd3 h5 15. Bxf5 Qxf5 16. Qe4 Qxe4 17. Nxe4 {½-½ (43) Gretarsson,H (2543)-Shoker,S (2487) Tromsoe 2014}) 14... a6 $17 15. Rh5 (15. Bd3 $17 {might work better.} Bxd3 16. e6 fxe6 17. dxe6) 15... O-O-O (15... dxe5 $19 {White must now prevent ...Bg6.} 16. fxe5 Bg6) 16. Bd3 $15 Bg6 17. e6 Qe8 18. Bxg6 fxg6 19. Rh1 c5 {Accuracy: White = 41%, Black = 61%.} 1/2-1/2

[Event "10th LCC FIDE Open 2018"]
[Site "London"]
[Date "2018.12.12"]
[Round "4"]
[White "Gilevych, Artem"]
[Black "Sumit, Kumar"]
[Result "1-0"]
[WhiteElo "2409"]
[BlackElo "2179"]
[Annotator "TA"]
[PlyCount "125"]
[EventDate "2018.12.09"]
[EventType "swiss"]
[EventCountry "ENG"]
[SourceTitle "playchess.com"]
[Source "ChessBase"]
[SourceQuality "1"]

{[%evp 13,125,13,52,33,84,61,60,66,90,107,136,147,281,263,492,462,447,447,444,427,406,360,353,215,373,191,454,187,213,214,215,139,129,124,220,220,215,218,218,218,221,202,243,168,168,168,168,168,151,151,178,167,235,203,198,178,193,178,215,192,186,178,298,271,325,325,325,325,333,325,332,332,332,332,332,332,332,332,332,332,332,332,332,305,332,332,332,332,332,325,325,325,605,578,754,728,957,584,631,318,760,753,750,702,702,695,29966,29959,29973,29975,29974,29975,29958,29943]} 1. d4 Nf6 2. Nc3 d5 3. Bf4 Bf5 (3... a6 4. e3 e6 5. g4 Bd6 6. Qf3 Bxf4 7. Qxf4 Qd6 8. Qxd6 cxd6 9. g5 Nfd7 10. Bg2 h6 11. h4 hxg5 12. hxg5 Rxh1 13. Bxh1 {1-0 (53) Alekseenko,K (2639)-Malakhov,V (2661) Sochi 2018}) 4. f3 e6 5. g4 Bg6 6. h4 {D00: 1 d4 d5: Unusual lines} h5 7. g5 Ng8 {LiveBook: 7 Games} 8. Qd2 {White is slightly better.} a6 $146 (8... Bb4 $14) ({Predecessor:} 8... Bd6 9. Nh3 Ne7 10. a3 a6 11. e4 {1-0 (36) Lubbe,N (2454)-Mertens,M (2217) Luxembourg 2014}) 9. O-O-O c5 10. Bxb8 Rxb8 11. e4 dxe4 {[#]} 12. d5 $1 ({And not} 12. fxe4 cxd4 13. Qxd4 Qxd4 $15) 12... exd5 (12... Qc7 $16) 13. Nxd5 $18 Ne7 $2 (13... Bd6 {might work better.} 14. fxe4 Kf8) 14. Qf4 Nxd5 15. Qe5+ Ne7 {Threatening ...Qc8.} 16. Rxd8+ Rxd8 17. fxe4 f6 18. Qg3 ({Wrong is} 18. gxf6 $2 gxf6 19. Qf4 Bh6 $19) ({Less strong is} 18. Qxc5 Bxe4 19. Rh2 Nf5 $18) 18... fxg5 $2 (18... Bxe4 19. Bg2 Bxg2 20. Qxg2 Nc6) 19. hxg5 (19. Nf3 $142) 19... Bxe4 $2 (19... Nc6) 20. Bg2 (20. Nf3 $142) 20... Bxg2 21. Qxg2 Nc6 22. Qe2+ Kd7 23. Rxh5 Rxh5 (23... Bd6 $16 24. Rxh8 Rxh8) 24. Qxh5 Bd6 25. Qf7+ Kc8 26. Ne2 Rd7 27. Qg8+ Kc7 28. a3 Be5 29. Qc4 Re7 30. Nf4 Bxf4+ 31. Qxf4+ {[%mdl 4096] Endgame KQ-KRN} Kb6 32. Qd6 Re8 (32... Re1+ $142 33. Kd2 Re5) 33. b3 a5 34. Kb2 Re7 35. c3 Re4 36. Kc2 Re8 37. g6 Re4 (37... Re5 $142 38. Qf8 Re7) 38. Kd3 Re8 {And now ...Rd8 would win.} 39. Kc4 Re5 40. Qf8 Re7 41. Kd5 Rd7+ 42. Ke6 Kc7 43. Qxc5 b6 44. Qf8 Nd8+ 45. Kf5 Nc6 46. Ke4 Re7+ 47. Kf4 Rd7 48. Ke3 Kb7 49. Ke2 Kc7 50. b4 axb4 51. axb4 Re7+ 52. Kd2 b5 $2 (52... Kb7 53. c4 Rc7) 53. Kc2 Kb7 54. Qf5 Ka6 55. Kb3 Rc7 56. Ka3 {aiming for Qc5.} Nb8 $2 (56... Na7 57. Qe5 Kb6 58. Qd4+ Ka6) 57. Qe5 Kb6 58. Qd6+ Kb7 59. Kb2 Nd7 60. Qd5+ {White mates.} Kb6 61. Qd4+ {[%mdl 64] Double Attack} Kb7 62. Qxg7 Nb6 {[#]} 63. Qxc7+ $1 {[%mdl 576] Remove Defender, Clearance, Promotion. Accuracy: White = 69%, Black = 37%.} 1-0

[Event "10th LCC FIDE Open 2018"]
[Site "London"]
[Date "2018.12.12"]
[Round "4"]
[White "McDonald, Neil"]
[Black "Stigar, Petter"]
[Result "1-0"]
[WhiteElo "2403"]
[BlackElo "2171"]
[Annotator "TA"]
[PlyCount "121"]
[EventDate "2018.12.09"]
[EventType "swiss"]
[EventCountry "ENG"]
[SourceTitle "playchess.com"]
[Source "ChessBase"]
[SourceQuality "1"]

{[%evp 15,121,52,68,30,43,33,33,37,58,62,50,54,39,20,66,48,50,56,78,0,0,0,72,69,62,-17,241,184,569,473,489,514,691,685,671,676,577,189,191,24,24,-169,-170,-223,-58,-113,-97,-161,-165,-163,26,22,39,-44,-43,-86,-14,-16,0,0,14,0,37,42,64,64,89,63,89,89,85,43,72,64,89,75,89,89,77,7,34,35,42,12,39,33,74,75,75,81,216,210,212,207,203,146,100,108,195,200,176,185,221,226,219,209,378,391]} 1. e4 c6 2. d4 d5 3. Nd2 {[%cal Bb1d2,Bd2e4,Be4g5,Bg5e6][%mdl 32]} dxe4 4. Nxe4 Nd7 5. Ng5 h6 (5... Ngf6 6. Bd3 e6 7. N1f3 Bd6 8. Qe2 h6 9. Ne4 Nxe4 10. Qxe4 Qc7 11. O-O b6 12. Qg4 Kf8 13. Re1 c5 14. Qh4 Bb7 15. Be4 Be7 16. Qh3 Bxe4 17. Rxe4 Rd8 18. c3 Qb7 19. Re2 Kg8 {½-½ (75) Duda,J (2707)-Ivanchuk,V (2728) Tbilisi 2017}) 6. Ne6 {B17: Caro-Kann: Modern Line (4...Nd7)} Qa5+ 7. Bd2 Qb6 8. Bd3 Ngf6 {LiveBook: 6 Games} (8... fxe6 $2 9. Qh5+ Kd8 10. Ba5 $18) 9. Ne2 $146 ({Predecessor:} 9. Nxf8 Nxf8 10. Ne2 Qxb2 11. O-O Qb6 12. c4 Ne6 13. Rb1 {1-0 (42) Nagy,G (2469)-Szabolcsi,J (2324) Boeblingen 2017}) 9... fxe6 10. Bg6+ Kd8 11. Nf4 {[%cal Rf4e6][%mdl 1024] White has compensation.} Nb8 $1 12. c4 Bd7 ({Not} 12... Qxb2 13. O-O $15) 13. O-O Kc8 ({Don't take} 13... Qxb2 14. Rb1 $11) 14. Qe2 Na6 15. Rfe1 Nc7 16. b4 Qxd4 17. Be3 (17. Rac1 $1 $16) 17... Qc3 $11 {Threatens to win with ...e5.} 18. a3 Nfd5 (18... Nfe8 $1 $11) 19. cxd5 $16 exd5 20. Nh5 (20. Bd3 $14) 20... a5 $2 {[%mdl 8192]} (20... e5 $11) 21. Bb6 $1 $18 {And now Rac1 would win.} axb4 $2 (21... Ra6 22. bxa5 e6) 22. Rec1 Qb3 23. Rab1 Qa4 24. Qe5 {[%csl Gb6][%cal Re5c7]} Nb5 25. axb4 Ra6 26. Ra1 $2 (26. Nxg7 Bxg7 27. Qxg7 {[%mdl 64] Trapped Piece} Rxb6 28. Qxh8+ Kc7 29. Re1) 26... Qxb4 {[#] aiming for ...Qd6.} 27. Rxa6 $2 ({White must play} 27. Rxc6+ $1 $18 {[%mdl 512]} bxc6 28. Rxa6) 27... bxa6 $11 28. Nf4 $2 (28. Bd3 $11 {and White has nothing to worry.} Qd6 29. Qa1) 28... Qd6 $1 $19 {[%cal Rd6e5]} 29. Qa1 (29. Qxd6 $142 exd6 30. Re1) 29... Qa3 $2 ({Stronger than} 29... Qxf4 30. Qxa6+ Kb8 31. Ra1 Qc1+ 32. Rxc1 Bc8 33. Bc7+ $1 {[%mdl 512]} Nxc7 34. Qxc6) (29... Kb7 $19 30. Qa5 Qa3 31. Qxa3 Nxa3) 30. Qb1 (30. Qxa3 $15 Nxa3 31. Nxd5) 30... e5 31. Nxd5 (31. Bf5 $17 Bxf5 32. Qxf5+ Kb8 33. Ba7+ $1 {[%mdl 512]} Nxa7 34. Rb1+ Bb4 35. Qxe5+ Ka8 36. Nxd5 $1 {[%mdl 512]}) 31... Kb7 32. Ne3 {[#] Hoping for Nc4.} Qb4 $2 ({Black should play} 32... Be6 $1 $19 33. Nc2 Qb3 34. Qxb3 Bxb3) 33. Qd3 $11 Bd6 34. Nc4 (34. Bc5 $14 Bxc5 35. Qxd7+ {[%mdl 64] Double Attack} Kb8 36. Qxg7) 34... Be6 $15 35. Nxd6+ Qxd6 (35... Kxb6 $17 36. Be4 Qxd6 37. Qxd6 Nxd6 38. Rxc6+ Kb5 39. Rxd6 Bc4) 36. Qe3 $1 $11 Bd5 37. Bd3 Rb8 38. Bc5 Qe6 39. Qd2 Qd7 {...Be4! is the strong threat.} 40. Bf1 Ra8 41. Be3 Rd8 42. Ra1 Ra8 43. Qb2 Qc7 44. Bc5 Re8 45. Qb4 Ra8 46. Re1 Re8 47. f4 ({Better is} 47. Qa4 $16) 47... e4 48. Be3 Qe7 49. Qa4 Ra8 50. Rb1 Qd7 51. Qb4 Kc7 52. Qa5+ Kd6 (52... Kb7 $16 {was called for.}) 53. Bxb5 $18 cxb5 {[#]} 54. Rd1 $1 Ke7 55. Qd2 Rd8 56. Bb6 Rc8 (56... Rb8 $16 57. Bc5+ Ke8) 57. Qxd5 Qxd5 58. Rxd5 Rc1+ 59. Kf2 Rc2+ 60. Kg3 b4 $2 (60... Rc3+ 61. Kg4 Rc2) 61. Bc5+ {[%mdl 64] Double Attack. Accuracy: White = 46%, Black = 27%.} 1-0

[Event "10th LCC FIDE Open 2018"]
[Site "London"]
[Date "2018.12.12"]
[Round "4"]
[White "Cherniaev, Alexander"]
[Black "Beckett, Chris J"]
[Result "1-0"]
[WhiteElo "2393"]
[BlackElo "2165"]
[Annotator "RC"]
[PlyCount "93"]
[EventDate "2018.12.09"]
[EventType "swiss"]
[EventCountry "ENG"]
[SourceTitle "playchess.com"]
[Source "ChessBase"]
[SourceQuality "1"]
[TimeControl "40/5400+30:1800+30"]

1. d4 {[%emt 0:00:00]} e6 {[%emt 0:00:54]} 2. c4 {[%emt 0:00:01]} Nf6 {[%emt 0:00:42]} 3. Bg5 {[%emt 0:01:36]} Bb4+ {[%emt 0:05:44]} 4. Nd2 {[%emt 0:00:10]} h6 {[%emt 0:13:41]} 5. Bh4 {[%emt 0:00:09]} c5 {[%emt 0:08:50]} 6. dxc5 {[%emt 0:00:58]} Nc6 {[%emt 0:05:20]} 7. e3 {[%emt 0:06:23]} O-O {[%emt 0:09:36]} 8. a3 {[%emt 0:05:49]} Bxc5 {[%emt 0:04:10]} 9. Ngf3 {[%emt 0:03:28]} d5 {[%emt 0:05:54]} 10. cxd5 {[%emt 0:03:29]} exd5 {[%emt 0:00:10]} 11. Bd3 {[%emt 0:00:42]} Be6 {[%emt 0:03:25]} 12. O-O {[%emt 0:06:41]} Be7 {[%emt 0:03:40]} 13. b4 {[%emt 0:10:42]} Rc8 {[%emt 0:02:22]} 14. Qb1 {[%emt 0:05:15]} g5 {[%emt 0:05:24]} 15. Bg3 {[%emt 0:00:09]} Nh5 {[%emt 0:00:26]} 16. b5 {[%emt 0:07:51]} Nxg3 {[%emt 0:00:12]} 17. hxg3 {[%emt 0:00:17]} Nb8 {[%emt 0:02:39]} 18. Nd4 {[%emt 0:01:07]} Bf6 {[%emt 0:00:58]} 19. Qb4 {[%emt 0:09:40]} Qb6 {[%emt 0:02:48]} 20. N2b3 {[%emt 0:02:34]} Nd7 {[%emt 0:00:50]} 21. Rac1 {[%emt 0:03:36]} Ne5 {[%emt 0:02:04]} 22. Be2 {[%emt 0:04:29]} Nc4 {[%emt 0:01:31]} 23. a4 {[%emt 0:04:35]} a5 {[%emt 0:04:52]} 24. Qc3 {[%emt 0:00:04]} Ra8 {[%emt 0:07:08]} 25. Qc2 {[%emt 0:03:44]} Rfc8 {[%emt 0:00:45]} 26. Qa2 {[%emt 0:00:19]} Qd6 {[%emt 0:00:57]} 27. Rfd1 {[%emt 0:03:30]} Qb4 {[%emt 0:05:17]} 28. Nxe6 {[%emt 0:03:33]} fxe6 {[%emt 0:00:04]} 29. Qb1 {[%emt 0:00:05]} Qe7 {[%emt 0:01:58]} 30. e4 {[%emt 0:04:09]} Na3 {[%emt 0:00:49]} 31. Qd3 {[%emt 0:00:13]} Rd8 {[%emt 0:00:14]} 32. Bf3 {[%emt 0:03:51]} Bb2 {[%emt 0:01:36]} 33. Rc5 {[%emt 0:00:16]} dxe4 {[%emt 0:00:55]} 34. Qxe4 {[%emt 0:00:12]} Rxd1+ {[%emt 0:00:08]} 35. Bxd1 {[%emt 0:00:05]} Bg7 {[%emt 0:00:38]} 36. Bf3 {[%emt 0:01:06]} Rb8 {[%emt 0:00:31]} 37. Bg4 {[%emt 0:01:14]} e5 {[%emt 0:00:30]} 38. Rd5 {[%emt 0:04:11]} b6 {[%emt 0:00:34]} 39. Rd7 {[%emt 0:00:48]} Qf6 {[%emt 0:00:23]} 40. Nd2 {[%emt 0:01:19]} Rf8 {[%emt 0:00:44]} 41. Qd5+ {[%emt 0:30:52]} Kh8 {[%emt 0:30:09]} 42. Ne4 {[%emt 0:00:00]} Qg6 {[%emt 0:00:00]} 43. Rd6 {[%emt 0:00:00]} Qh7 {[%emt 0:00:00]} 44. Qd3 {[%emt 0:00:00]} h5 {[%emt 0:00:00]} 45. Be6 {[%emt 0:00:00]} h4 {[%emt 0:00:00]} 46. g4 {[%emt 0:00:00]} h3 {[%emt 0:00:00]} 47. gxh3 {[%emt 0:00:00]} 1-0

[Event "10th LCC FIDE Open 2018"]
[Site "London"]
[Date "2018.12.12"]
[Round "4"]
[White "D`Costa, Lorin A R"]
[Black "Smith, Andrew Philip"]
[Result "1-0"]
[WhiteElo "2390"]
[BlackElo "2157"]
[Annotator "RC"]
[PlyCount "73"]
[EventDate "2018.12.09"]
[EventType "swiss"]
[EventCountry "ENG"]
[SourceTitle "playchess.com"]
[Source "ChessBase"]
[SourceQuality "1"]
[TimeControl "40/5400+30:1800+30"]

1. Nf3 {[%emt 0:16:13]} c5 {[%emt 0:00:48]} 2. c4 {[%emt 0:02:21]} Nf6 {[%emt 0:00:45]} 3. Nc3 {[%emt 0:00:29]} d5 {[%emt 0:00:33]} 4. cxd5 {[%emt 0:00:15]} Nxd5 {[%emt 0:00:07]} 5. g3 {[%emt 0:00:36]} Nc6 {[%emt 0:00:32]} 6. Bg2 {[%emt 0:00:18]} Nc7 {[%emt 0:00:33]} 7. O-O {[%emt 0:00:37]} e5 {[%emt 0:00:57]} 8. a3 {[%emt 0:04:24]} f6 {[%emt 0:00:51]} 9. e3 {[%emt 0:13:03]} Be7 {[%emt 0:10:21]} 10. Re1 {[%emt 0:24:40]} O-O {[%emt 0:02:39]} 11. d4 {[%emt 0:06:43]} cxd4 {[%emt 0:07:56]} 12. exd4 {[%emt 0:00:55]} exd4 {[%emt 0:00:47]} 13. Ne2 {[%emt 0:04:08]} Bc5 {[%emt 0:14:30]} 14. b4 {[%emt 0:05:27]} Bb6 {[%emt 0:00:07]} 15. Nf4 {[%emt 0:04:08]} a6 {[%emt 0:03:36]} 16. Bb2 {[%emt 0:01:11]} Qd6 {[%emt 0:10:21]} 17. Nd2 {[%emt 0:02:30]} Qd8 {[%emt 0:13:41]} 18. Qb3+ {[%emt 0:02:30]} Kh8 {[%emt 0:00:18]} 19. Nc4 {[%emt 0:00:24]} Ba7 {[%emt 0:01:17]} 20. a4 {[%emt 0:01:07]} g5 {[%emt 0:10:14]} 21. Nd3 {[%emt 0:03:34]} Ne8 {[%emt 0:07:52]} 22. b5 {[%emt 0:00:35]} Ne5 {[%emt 0:07:39]} 23. Ncxe5 {[%emt 0:02:01]} fxe5 {[%emt 0:00:08]} 24. bxa6 {[%emt 0:00:25]} Nd6 {[%emt 0:01:12]} 25. Ba3 {[%emt 0:00:58]} Rb8 {[%emt 0:01:51]} 26. Qd5 {[%emt 0:00:40]} Rf6 {[%emt 0:01:16]} 27. Nxe5 {[%emt 0:02:24]} Kg7 {[%emt 0:01:21]} 28. Nd3 {[%emt 0:00:47]} Bf5 {[%emt 0:00:50]} 29. Rad1 {[%emt 0:00:30]} bxa6 {[%emt 0:00:42]} 30. Ne5 {[%emt 0:00:31]} Nf7 {[%emt 0:00:36]} 31. Nc6 {[%emt 0:00:31]} Qxd5 {[%emt 0:00:36]} 32. Bxd5 {[%emt 0:00:01]} Rb7 {[%emt 0:00:09]} 33. Nxa7 {[%emt 0:00:33]} Rxa7 {[%emt 0:00:03]} 34. Bc5 {[%emt 0:00:07]} Rd7 {[%emt 0:01:15]} 35. Bxd4 {[%emt 0:00:12]} Bc2 {[%emt 0:00:31]} 36. Rd2 {[%emt 0:00:47]} Bxa4 {[%emt 0:00:20]} 37. Re6 {[%emt 0:00:44]} 1-0

[Event "10th LCC FIDE Open 2018"]
[Site "London"]
[Date "2018.12.12"]
[Round "4"]
[White "Mirzoyan, Davit T."]
[Black "Moussard, Jules"]
[Result "0-1"]
[WhiteElo "2382"]
[BlackElo "2591"]
[Annotator "TA"]
[PlyCount "136"]
[EventDate "2018.12.09"]
[EventType "swiss"]
[EventCountry "ENG"]
[SourceTitle "playchess.com"]
[Source "ChessBase"]
[SourceQuality "1"]

{[%evp 11,136,28,93,4,39,35,32,32,32,16,31,20,23,12,20,-20,-21,-25,-30,-45,18,18,51,24,29,17,14,12,12,16,29,23,8,8,8,8,8,17,19,8,21,0,0,-97,-90,-80,-74,-93,-44,-50,-27,-360,-355,-378,-178,-176,-183,-165,-156,-209,-162,-191,-163,-174,-116,-142,-145,-139,-145,-129,-70,-93,-29,-110,-45,-108,-109,-114,-107,-117,-11,-113,-123,-143,-104,-156,-103,-133,-125,-206,-206,-298,-295,-272,-229,-229,-229,-211,-106,-449,-187,-187,-196,-191,-185,-180,-182,-405,-406,-398,-240,-245,-240,-225,-220,-243,-243,-285,-289,-606,-606,-606,-606,-596,-584,-5143,-4690]} 1. d4 d6 2. c4 e5 3. e3 g6 4. Nc3 Bg7 5. Nf3 Nd7 6. Be2 f5 {LiveBook: 5 Games. A41: 1 d4 d6: Tartakower System and Modern Defence} (6... Ne7 $11) 7. b4 (7. e4 $1 $16) (7. dxe5 dxe5 8. e4 Ngf6 9. exf5 gxf5 10. Nh4 f4 11. Nf5 {1-0 (50) Beradze,I (2464)-Ponomariov,R (2697) Batumi 2018}) 7... Nh6 $146 {[%cal Bg8h6,Bh6f7,Bf7g5][%mdl 32]} ({Predecessor:} 7... c6 8. Ba3 e4 9. Nd2 Ngf6 10. Nb3 Nb6 11. Qd2 Be6 12. Na5 Qd7 13. d5 cxd5 14. cxd5 Nfxd5 {½-½ (24) White,K (2070)-Waterfield,J (2060) Caerleon 2006}) 8. Bb2 O-O {White is slightly better.} 9. O-O Nf7 10. Qb3 e4 11. Nd2 c6 12. Rae1 Nf6 13. f4 exf3 14. Bxf3 ({Don't play} 14. gxf3 f4 $1 $17 {[%mdl 512]}) 14... Ng5 15. e4 Kh8 (15... a5 $15) 16. d5 $11 Bd7 17. Kh1 a5 18. a3 axb4 19. axb4 Qb6 20. dxc6 bxc6 21. b5 Rae8 22. exf5 Nxf3 23. Nxf3 {Threatens to win with fxg6.} Bxf5 24. Na4 Qb7 25. Rxe8 Rxe8 26. Nh4 Bc8 27. Qa3 (27. Bd4 $11) 27... cxb5 $17 28. Qxd6 bxa4 29. Bxf6 Be6 30. Bxg7+ Qxg7 31. Re1 $2 {[%mdl 8192]} (31. Qa6 $11 {and White has nothing to worry.}) 31... Bg8 $1 $19 {[%cal Re8e1]} 32. Rd1 Ra8 (32... Qc3 $142 {( -> ...Re1+)} 33. Nf3 a3) 33. Qa3 Bxc4 34. Nf3 Bb3 35. Re1 (35. Rd3 $17 Rc8 36. h3) 35... Qf6 36. h3 Bd5 37. Re3 Bc6 (37... Kg8 $19 38. Rd3 Qf5) 38. Qc1 Rf8 39. Rc3 Bd5 $1 ({But not} 39... Bxf3 $6 40. Rxf3 Qg7 41. Rxf8+ Qxf8 42. Qc3+ Kg8 43. Qc4+ Qf7 44. Qxa4 $11) 40. Rd3 Bg8 ({Reject} 40... Bxf3 $6 41. Rxf3 Qg7 42. Rxf8+ Qxf8 43. Qc3+ Qg7 44. Qc8+ Qg8 45. Qc3+ Qg7 46. Qc8+ Qg8 47. Qc3+ Qg7 $11) (40... Qc6 $17 41. Rc3 Qa6) 41. Qa3 Ra8 (41... Bb3 $1 $17 42. Qc5 Kg8) 42. Rd6 (42. Nd2 $11) 42... Qg7 (42... Qe7 $17 43. Qa1+ Qg7) 43. Rd4 ({White should try} 43. Rd3 $15) 43... Bb3 $17 44. Rd3 Re8 $1 45. Qb4 Qe7 ({Black should play} 45... Kg8 $17 {Threatening ...Rc8.} 46. Qc5 Qf8) 46. Qa5 (46. Qd4+ $1 $11 {remains equal.} Qg7 47. Qd6) 46... Kg8 $36 {[%mdl 2048] Black is in control.} 47. Rc3 Qd6 48. Rc5 (48. Rc7 $142) 48... Qf6 (48... Rd8 $142 49. Qc3 Qd3 50. Qxd3 Rxd3) 49. Qb4 Rd8 50. Kh2 (50. Ra5 $17) 50... Qd6+ $19 51. Kh1 (51. Kg1 $142) 51... Bd5 $1 {[%cal Rd5f3]} 52. Ng1 Bf7 53. Nf3 Qf8 $1 54. Qc3 {[#]} Bd5 ({Better is} 54... Rd3 $1 $19 {[%cal Rd3c3][%mdl 512]} 55. Qc1 (55. Qxd3 Qxc5) 55... a3) 55. Ne1 $2 {[%mdl 8192] [#]} (55. Ra5 $17 {is a better chance.}) 55... Qf1+ (55... a3 $142 $1 {[%mdl 512] Hoping for ...a2.} 56. Qxa3 Bxg2+ $1 {[%mdl 512]} 57. Kh2 Bd5 58. Rxd5 Rxd5 59. Qxf8+ Kxf8) 56. Kh2 {[#]} Qf4+ $1 57. Kg1 Be6 58. Ra5 {[#]} Rc8 $1 {[%cal Rc8c3]} 59. Qf3 $2 (59. Rc5 Rxc5 60. Qxc5) 59... Qb4 $1 {[%csl LRa5,LRe1]} 60. Re5 Qd4+ 61. Qe3 Qxe3+ 62. Rxe3 {[%mdl 4096] Endgame KRB-KRN} Bb3 63. Kf2 Rf8+ 64. Ke2 Rb8 65. Kd2 $2 (65. Nf3) 65... a3 {[%cal Ba4a3,Ba3a2][%mdl 32] ...a2 is the strong threat.Black is clearly winning.} 66. Nc2 a2 {aiming for ...Bxc2.} 67. Na1 Bd5 {And now ...Rb2+ would win.} 68. g3 Rb2+ {Accuracy: White = 33%, Black = 51%.} 0-1